Airport Codes Quiz Part 3 - Statistics

General Stats
  • This quiz has been taken 62 times
  • The average score is 14 of 24
Answer Stats
Code Answer % Correct
AKL Auckland
95%
BKK Bangkok
90%
DOH Doha
90%
OSL Oslo
90%
DUB Dublin
83%
CAI Cairo
79%
HNL Honolulu
76%
MNL Manila
76%
HYD Hyderabad
71%
IND Indianapolis
62%
EWR New York (Newark)
62%
GRU Sao Paulo
62%
ICN Seoul
62%
AUH Abu Dhabi
52%
DPS Denpasar
52%
KEF Reykjavík
52%
BLR Bengaluru
50%
KIX Osaka
50%
AUS Austin
40%
CGK Jakarta
33%
UBN Ulaanbaatar
29%
AYT Antalya
24%
CTU Chengdu
19%
ESB Ankara
17%
No matching quizzes found
Score Distribution
Percent of People with Each Score
Percentile by Number Answered
Your Score History
You have not taken this quiz